000 00660nam a2200289Ia 4500
005 20260324141334.0
008 008 260324s9999 xx 000 0 eng d
020 _a9781315021812
037 _aEBOOK
040 _aCRL
040 _beng
040 _cCRL
041 _2eng
041 _aeng
084 _qCRL
100 _aJane M. Shattuc
_91207823
245 4 _aThe Talking Cure
245 0 _bTV Talk Shows and Women
260 _bTaylor and Francis
260 _c1997
365 _a
365 _b180
856 _uhttp://www.taylorfrancis.com/books/9781315021812
942 _cEBOOK
999 _c1810797
_d1810797